| 000 | 01499nam a22002417a 4500 | ||
|---|---|---|---|
| 999 |
_c6626 _d6626 |
||
| 003 | DO-SdBJH | ||
| 005 | 20210928172932.0 | ||
| 008 | 210928b ||||| |||| 00| 0 spa d | ||
| 040 |
_aDO-SdBJH _bspa _cDO-SdBJH |
||
| 090 |
_aTG AMBC _b01722 2020 |
||
| 100 | 1 |
_aVásquez Jaqués, Peter Junior _esustentante |
|
| 245 | 1 | 0 |
_aLa mujer en el Batallón de Comando ERD. Situación actual y prospectiva / _cPeter Junior Vásquez Jaqués, Wilson Estiven Matos Castro, asesores George Alejandro de la Paz, Reynaldo Cruz Camacho |
| 260 |
_aSanto Domingo Este : _bINSUDE, _c2020 |
||
| 300 | _av, 45 páginas | ||
| 502 | _aTrabajo de grado (Licenciatura en Ciencias Militares) -- Instituto Superior para la Defensa (INSUDE). – Academia Militar del Ejército de República Dominicana “Batalla de las Carreras” 2020 | ||
| 504 | _aIncluye referencias bibliográficas e índices | ||
| 505 | _aAntecedentes históricos y legales el papel de la mujer en las Fuerzas Armadas. -- Orígenes y principales transformaciones experimentadas por el Batallón de Comando, ERD desde su creación hasta la actualidad. -- Prospectiva de la participación de la mujer en el Batallón de Comando | ||
| 700 | 1 |
_aMatos Castro, Wilson Estiven _esustentante |
|
| 700 | 1 |
_ade la Paz, George Alejandro _easesor |
|
| 700 | 1 |
_a Cruz Camacho, Reynaldo _easesor |
|
| 830 | _aINSUDE. Academia Militar del Ejército de República Dominicana “Batalla de las Carreras”. Tesis y disertaciones académicas | ||
| 942 |
_2CL _cT |
||